🎶Paroles "Aloïda" Tri Yann - Statistiques

Statistiques générales
  • Ce quiz a été pris 8 fois
  • Le résultat moyen est 308 sur 327
Statistiques - réponses
Mots % Correct
à
100%
a
100%
âgé
100%
aimer
100%
aîné,
100%
Aloïda
100%
Aloïda,
100%
ami
100%
an
100%
ans,
100%
ans ;
100%
attache
100%
au
100%
aussitôt.
100%
aussitôt,
100%
bientôt.
100%
Brendan,
100%
brisez
100%
brûlé,
100%
C'
100%
-C'
100%
ce
100%
cendres
100%
comme
100%
courant,
100%
couteaux,
100%
d'
100%
dans
100%
Dans
100%
de
100%
déchirez
100%
dépôt.
100%
Des
100%
déshonneur
100%
dit-
100%
dos,
100%
dos
100%
du
100%
écrasé,
100%
elle
100%
elle,
100%
Elle
100%
en
100%
encerclent,
100%
enfant,
100%
enterrent
100%
Entre
100%
entrepôt,
100%
est
100%
est,
100%
et
100%
Et
100%
était
100%
étang
100%
étudiant,
100%
finirons
100%
fond
100%
foudroyé
100%
frères,
100%
frères
100%
-Frères !
100%
frères !
100%
gagnes
100%
gisants,
100%
gisants.
100%
Grand
100%
-Hier
100%
Ils
100%
ils
100%
I.U.T.
100%
jeune
100%
l'
100%
la
100%
100%
Landévant.
100%
le
100%
Le
100%
lendemain,
100%
les
100%
leur
100%
leurs
100%
liberté
100%
Lorient,
100%
Lui
100%
ma
100%
mai,
100%
main
100%
mains
100%
-Maudite
100%
Maure,
100%
Maure
100%
me
100%
mes
100%
mois
100%
moto
100%
moto.
100%
nous
100%
noyé
100%
on
100%
On
100%
os.
100%
par
100%
parents,
100%
passé
100%
peau.
100%
petit
100%
Petite
100%
peur
100%
plus
100%
pont
100%
pour
100%
pourtant.
100%
que
100%
retrouva
100%
revenait,
100%
route
100%
S'
100%
s'
100%
sa
100%
saignent
100%
Saint
100%
seins
100%
ses
100%
sœur !
100%
son
100%
souriant,
100%
souriant
100%
sous
100%
sur
100%
t'
100%
terre
100%
tes
100%
ton
100%
tous
100%
Tous
100%
trois
100%
troisième
100%
T-Shirt,
100%
tu
100%
un
100%
une
100%
Vannes,
100%
Vannes
100%
vaux.
100%
vent,
100%
vie.
100%
viennent
100%
vient
100%
vingt
100%
vous
100%
vue
100%
yeux
100%
accourez !
67%
amie
67%
avait
67%
caillots
67%
chaussures
67%
Chercher
67%
cheveux
67%
dépassent
67%
derrière
67%
déterrer.
67%
dormez,
67%
égarées
67%
entendre
67%
enterrée,
67%
entrée
67%
éveille
67%
-Gendarmes
67%
hasard
67%
jais
67%
Jean
67%
jour
67%
Kerino.
67%
Mais
67%
manteau.
67%
mon
67%
Morte,
67%
pieds.
67%
qui
67%
refuge
67%
sang.
67%
sanglots :
67%
sont
67%
sortie
67%
suivant,
67%
Tombe
67%
traînent,
67%
Voit
67%
bis,
33%
brigadiers
33%
capitaine
33%
grêle
33%
jette
33%
près
33%
reposant
33%
Sitôt
33%
sitôt.
33%
tout
33%
Aucun quiz correspondant
Distribution des résultats
% des personnes avec chaque résultat
Percentile par nombre de réponses
Votre historique - résultats
Vous n’avez pas pris ce quiz